000 00501nam a2200181Ia 4500
008 090123s9999 xx 000 0 und d
082 _b721
_a891.463/काळे
100 _aकाळे श्रीपाद
245 _aअवशेष
250 _a1
260 _bटेकाडे मं.
300 _a154
600 _aकाळे श्रीपाद
630 _aअवशेष
700 _aकाळे श्रीपाद
730 _aअवशेष
942 _cBOOK
999 _c38808
_d38808